000 00514nam a22001817a 4500
003 OSt
005 20120302151543.0
008 091112t xxu||||| |||| 00| 0 eng d
035 _a१६१०९
040 _cमराठी
100 _aमांडे, अरुण
_910115
222 _aविज्ञान
245 _aविज्ञान गमती
250 _a१ ली
260 _aपुणे
_bमेहता
_c१९९५
300 _b७३ पाने
942 _2ddc
_cBOOK
999 _c494842
_d494839